000 01080nam a2200277 a 4500
001 59039
003 BD-RjUL
005 20211209080703.0
008 161220s2012 bg b 000 0 eng
020 _a9789845591829
035 _a(BD-RjUL)59163
040 _cBD-RjUL
_dBD-RjUL
_beng
_aBD-RjUL
041 0 _aeng
_aben
082 _223
_a668.62095492
_bRAL 2012
100 1 _aRahman, Md. Ataur.
_9175599
245 1 0 _aLocal level governance in input delivery :
_ba case of Urea fertilizer marketing for Boro paddy cultivation in Bangladesh /
_cMd. Ataur Rahman, Kamrul Ahsan.
260 _aComilla :
_bBangladesh Academy for Rural Development,
_c2012.
300 _a131 p. ;
_c23 cm.
504 _aIncludes bibliographical references (p. 103-106).
650 0 _aFertilizer subsidies
_zBangladesh.
_9175600
650 0 _aUrea as fertilizer
_xGovernment policy
_zBangladesh.
_9175601
650 0 _aRice
_xFertilizers
_xEconomic aspects
_zBangladesh.
_9175602
700 1 _aAhsan, Kamrul.
_9175603
710 2 _aBāṃlādeśa Pallī Unnaẏana Ekāḍemī.
_9171305
942 _2ddc
_cBK
999 _c59039
_d59039